Тихоокеанский ежегодник 1987

Detalles Bibliográficos
Autor Corporativo: АН СССР. Дальневосточное отделение
Outros autores: Ильичев В. И. Виктор Иванович (редактор)
Summary:Загл. на доп.тит.л.: Pacific annual.
Idioma:ruso
Publicado: Владивосток, ДВО АН СССР, 1987
Subjects:
Formato: MixedMaterials Libro
KOHA link:https://koha.lib.tpu.ru/cgi-bin/koha/opac-detail.pl?biblionumber=106870

MARC

LEADER 00000nam0a2200000 4500
001 106870
005 20231031115050.0
020 |a RU 
035 |a (RuTPU)RU\TPU\book\115407 
090 |a 106870 
100 |a 20061214g1987 km y0rusy5003 ca 
101 0 |a rus 
102 |a RU 
105 |a ab z 001zy 
200 1 |a Тихоокеанский ежегодник 1987  |f АН СССР., Дальневосточное отделение; под ред. В. И. Ильичева 
210 |a Владивосток  |c ДВО АН СССР  |d 1987 
215 |a 196 c.  |c ил. 
300 |a Загл. на доп.тит.л.: Pacific annual. 
610 1 |a Тихий океан 
610 1 |a океанографические исследования 
610 1 |a геология 
610 1 |a гидрогеология 
610 1 |a океанология 
675 |a 551.35  |z rus 
702 1 |a Ильичев  |b В. И.  |g Виктор Иванович  |4 340 
712 0 2 |a АН СССР.  |b Дальневосточное отделение 
801 0 |a RU  |b RuMRKP  |c 19950417  |g psbo 
801 1 |a RU  |b 63413507  |c 20061214  |g PSBO 
801 2 |a RU  |b 63413507  |c 20070831  |g PSBO 
942 |c BK